000
00311nam a22001217a 4500
008
230621b xxu||||| |||| 00| 0 eng d
082
_a
328.3
_b
IPU 1998
245
_a
Chronicle of Parliamentary Elections
260
_a
Geneva
_b
Inter-Parliamentary Union
_c
1998
300
_a
219p
440
_v
31
942
_2
ddc
_c
BK
999
_c
2020
_d
2020